| 000 | 01021nam a2200229 a 4500 | ||
|---|---|---|---|
| 001 | 40689 | ||
| 003 | BD-RjUL | ||
| 005 | 20211209053251.0 | ||
| 008 | 160509s1996 bg ||||| |||| 00| 0 ben d | ||
| 020 |
_a984401347x _c: TK 60.00 |
||
| 035 | _a(BD-RjUL)40804 | ||
| 040 |
_aBD-RjUL _bben _cBD-RjUL |
||
| 041 | _aben | ||
| 082 |
_223 _a327.5492 _bHOB 1996 |
||
| 100 |
_aহোসেন, সৈয়দ আনোয়ার _9125181 |
||
| 245 | 1 | 0 |
_aবঙ্গুবন্ধুর পররাষ্ট্র নীতি বাংলাদেশ, দক্ষিণ এশিয়া ও সাম্প্রতিক বিশ্ব / _cসৈয়দ আনোয়ার হোসেন |
| 260 |
_aঢাকা : _bআগামী প্রকাশনী, _c১৯৯৬ |
||
| 300 |
_a৮৭ পৃ. ; _c২১ সেমি. |
||
| 650 |
_aবৈ্দেশিক সম্পর্ক _zবাংলাদেশ _9125182 |
||
| 650 |
_aForeign Relation _zBangladesh _9125183 |
||
| 942 |
_2ddc _cBK _01 |
||
| 999 |
_c40689 _d40689 |
||